000 00761nam a2200253Ia 4500
003 GCL
008 140319s9999 xx 000 0 ara d
040 _aGCL /
_cGCL
082 0 4 _aط
_b372.65
_bم ع
100 1 _aمصطفى وهبة
245 1 0 _aالاعداد الانجليزية /
_cمصطفى وهبة
700 1 _aجاين برهومى (رسوم)
260 _a[S.N] :
_bرشاد برس ،
_c1992
300 _a32 ص
490 _aالاعداد والحروف للصغار
_v0
650 0 4 _aالاطفال
650 0 4 _aاللغة الفرنسية
650 0 4 _aاللغة العربية
650 0 4 _aاللغة الانجليزية
650 0 4 _aالخط
650 0 4 _aالاعداد
650 0 4 _aالابجدية
942 _2ddc
_cBK
999 _c56737
_d56737